|
|
|
|
| LEADER |
00000cam a2200000 a 4500 |
| 001 |
vtls001417587 |
| 003 |
SK-MaSNL |
| 005 |
20260301202359.0 |
| 008 |
180810s1861 hu 00000 slo |
| 035 |
|
|
|a SNK000372371
|
| 040 |
|
|
|a SNK
|b slo
|c SNK
|e AACR2
|
| 041 |
0 |
|
|a slo
|
| 043 |
|
|
|a e-xo---
|
| 044 |
|
|
|a xo
|c HU
|
| 072 |
|
7 |
|a 930.85
|x Dejiny civilizácie. Kultúrne dejiny
|2 konspekt
|
| 080 |
|
|
|a 930.85
|2 2011
|
| 080 |
|
|
|a (437.6)
|2 2011
|
| 130 |
0 |
|
|a Rozhowor
|9 584321
|
| 245 |
1 |
0 |
|a Rozhowor o Memorandum národa slowenského
|
| 260 |
|
|
|a W Budíne
|b w tlačiarny kr. uhor. uniwersity
|c 1861
|
| 300 |
|
|
|a 54 s.
|
| 550 |
|
|
|a Prepis titulného listu podľa exemplára ŠVKPO
|
| 561 |
|
|
|a Prov. peč.: Z rezervných fondov Knižnice Matice slovenskej - Štátna vedecká knižnica v Prešove - Štátna Vedecká Knižnica Prešov - rkp. Dan. Bož. Makovicky
|5 SVKPO: A 78526
|
| 561 |
|
|
|a Prov. peč.: Z rezervných fondov Knižnice Matice slovenskej - Štátna vedecká knižnica v Prešove - Štátna Vedecká Knižnica Prešov
|5 SVKPO: A 78030
|
| 562 |
|
|
|a Kolácia: 54, [2] s., 19,2 x 12 cm, 8°
|5 SVKPO: A 78526
|
| 562 |
|
|
|a Kolácia: 54, [2] s., 19,5 x 12,5 cm, 8°
|5 SVKPO: A 78030
|
| 563 |
|
|
|a Väzba: preväzba, kartón, čierny papier, chrbát a rohy - čierne plátno
|5 SVKPO: A 78526
|
| 563 |
|
|
|a Väzba: preväzba, kartón, čierny papier, chrbát a rohy - čierne plátno
|5 SVKPO: A 78030
|
| 650 |
0 |
7 |
|a kultúrne dejiny
|2 SNKPH
|9 4307
|
| 651 |
|
7 |
|a Slovensko
|2 SNKPH
|
| 700 |
1 |
|
|a Makovický, Daniel Božetech,
|d 1828-1881
|4 fmo
|9 183623
|
| 852 |
|
|
|a SVKPO
|c Historické fondy
|p A 78526
|
| 852 |
|
|
|a SVKPO
|c Historické fondy
|p A 78030
|
| 852 |
|
|
|a snk
|p SD 295
|
| 958 |
|
|
|a ONDV
|
| 958 |
|
|
|a DF
|
| 999 |
|
|
|c 898607
|d 900537
|
| 952 |
|
|
|a SNK
|b SNK
|y PREZ
|7 0
|p 17A0364844
|o snkSD 295 D2
|0 0
|1 0
|4 0
|d 2002-11-20
|l 0
|r 2005-01-02 00:00:00
|w 2026-02-24
|
| 952 |
|
|
|a SNK
|b SNK
|y PREZ
|7 0
|p 17A0850743
|o snkSD 295
|i snk712/27
|0 0
|1 0
|4 0
|d 2013-06-13
|l 0
|r 2025-10-15 00:00:00
|w 2026-02-24
|
| 952 |
|
|
|a SNK
|b SNK
|y PREZ
|7 0
|p 17A0309209
|o snkSD 295 D1
|i snkXI. 2599/55
|0 0
|1 0
|4 0
|d 2001-07-25
|l 0
|r 2005-01-02 00:00:00
|w 2026-02-24
|
| 952 |
|
|
|a SNK
|b SNK
|y PREZ
|7 0
|p 17A0364935
|o snkSD 295 D3
|0 0
|1 0
|4 0
|d 2002-11-20
|l 0
|r 2005-01-02 00:00:00
|w 2026-02-24
|
| 952 |
|
|
|a SNKLM
|b SNKLM
|y NEVYP
|7 0
|o snklmMK 4567
|8 3
|0 0
|1 0
|4 0
|d 2006-08-09
|l 0
|r 2026-02-24 07:05:31
|w 2026-02-24
|
| 952 |
|
|
|a SNKLM
|b SNKLM
|y NEVYP
|7 0
|o snklmMK 5513
|8 3
|0 0
|1 0
|4 0
|d 2006-10-17
|l 0
|r 2026-02-24 07:05:31
|w 2026-02-24
|